000 00300nam a22001337a 4500
008 171004b xxu||||| |||| 00| 0 eng d
020 _a9780137001194
041 _aeng
080 _27TH
_a159.9
100 _a48
101 _aPSI
245 _aEDUCATIONAL PSYCHOLOGY
_cORMROD,,J.E
942 _2udc
_cBK
999 _c31806
_d31806